000 00729nam a22001817a 4500
005 20230617055411.0
008 230124b |||||||| |||| 00| 0 eng d
020 _a978-971-0391-62-2
082 _aFil. 371.1024 P314 2013
100 _aPatron, Ida Y.
_eauthor
245 _aEffective classroom management and making the first days of classes significant to the learners:
_bincludes understanding the learner through differentiated instruction /
_cIda Y. Patron
250 _arev. ed.
260 _aQuezon City:
_bGreat Books Publishing,
_cc2013.
300 _avii, 172p.:
_bill.
504 _aIncludes bibliographical references
541 _e3229 c.1, 3606 c.2, 3607 c.3, 3608 c.4, 4201 c.5
650 _aClassroom management
999 _c629
_d629